000 00651nam a2200241 i 4500
001 C2-0315885
003 PPAK
005 20180728111729.0
008 120708s2012 nyua|||| ||||| | eng d
020 _a9781402785887
040 _aPPAK
_beng
_cPPAK
_erda
082 0 4 _a641.5636
_223
090 0 0 _a641.5636
_bATL
_dR
100 1 _aAtlas, Nava,
_eauthor
245 1 0 _aWild about greens
264 1 _aNew York :
_bSterling ,
_c2012
300 _a223 pages :
_bcolour illustrations ;
_c24 cm
336 _2rdacontent
_atext
337 _2rdamedia
_aunmediated
338 _2rdacarrier
_avolume
650 1 0 _aVegetarian cookery.
942 _ddc
_cB
999 _c117033
_d117033